| 000 | 00825nam a2200241Ia 4500 | ||
|---|---|---|---|
| 999 |
_c32540 _d32540 |
||
| 003 | GCL | ||
| 005 | 20240530102458.0 | ||
| 008 | 140319s9999 xx 000 0 ara d | ||
| 040 |
_aGCL / _cGCL |
||
| 082 | 0 | 4 |
_a581.2 _bأ أ |
| 100 | 1 | _aاجريوس، جورج | |
| 245 | 1 | 0 |
_aامراض النبات / _cتاليف جورج اجريوس ؛ ترجمةمحمود موسى ابوعرقوب |
| 260 |
_a[S.N] : _bمنشاة المعارف الاسلامية ، _c1992 |
||
| 300 | _a1451 ص | ||
| 650 | 0 | 4 | _aالافات الزراعية |
| 650 | 0 | 4 | _aالنبات |
| 650 | 0 | 4 | _aتلقيح النبات |
| 650 | 0 | 4 | _aالحجر الزراعى |
| 650 | 0 | 4 | _aالفطريات فى الزراعة |
| 650 | 0 | 4 | _aالعفن البكتيرى |
| 700 | 1 |
_aمحمود موسى ابوعرقوب _eمترجم |
|
| 942 |
_2ddc _cBK |
||